000 01066nam a22003011c 4500
001 558630650
008 111118s2008 gw |||| 000u ger d
020 _a9783825811
_9978-3-8258-11
041 _ager
245 0 0 _aVorläufiges Findbuch Sekretariate der Stellvertreter des Ministers Neiber, Mittig und Schwanitz im Ministerium für Staatssicherheit der DDR /
_cElisabeth Larssen, Jana Florczak. Abteilung Archivbestände der BStU
264 _aBerlin :
_bLit,
_c2008
300 _aXLI, 358 S.
600 0 _aNeiber, Gerhard
600 0 _aMittig, Rudi
600 0 _aSchwanitz, Wolfgang
600 0 _aOpposition
650 0 _aMfS
650 0 _aStasi
650 0 _a
655 0 _aFindmittel
700 1 _aLarssen, Elisabeth
_eHerausgeberIn
700 1 _aFlorczak, Jana
_eHerausgeberIn
710 2 _aDeutschland. Der Bundesbeauftragte für die Unterlagen des Staatssicherheitsdienstes der Ehemaligen Deutschen Demokratischen Republik
942 _cMG
040 _cRU-10907106
003 RU-10907106
999 _c27377
_d27377
490 0 _aArchiv zur DDR-Staatssicherheit
_v10